000 00353nam a2200157Ia 4500
100 _aPhilips
650 _aElectrical Engineering
942 _cBK
654 _aVideo
245 _aVideo Transistors and Modules for Monitor
260 _bPhilips
_aLondon
_c1996
082 _a621.3815
_bSC05
300 _a197
546 _aENGLISH
999 _c18681
_d18681